Statistics for DFL Supercup Every Team

Click here to take the quiz!

General Stats

  • This quiz has been taken 16 times
  • The average score is 13 of 14

Answer Stats

Answer% Correct
Borussia Dortmund
100%
FC Bayern Munich
100%
RB Leipzig
100%
Schalke 04
100%
VfL Wolfsburg
100%
Bayer 04 Leverkusen
93%
Vfb Stuttgart
93%
1. FC Kaiserslautern
86%
Eintracht Frankfurt
86%
Hertha BSC Berlin
86%
Werder Bremen
86%
Borussia Mönchengladbach
79%
Hamburger SV
79%
Hannover 96
64%

Score Distribution

Percentile by Number Answered

Percent of People with Each Score

Your Score History

You have not taken this quiz